000 00480nam a2200193Ia 4500
008 170203s9999 xx 000 0 und d
020 _a0-316014877
050 _aFic
050 _b.C784j 2006
100 _aConford, Ellen
245 _aJennt Archer, author
245 _cby Ellen Conford ; illustrated by Diane Palmisciano.
260 _aUSA :
260 _bLittle, Brown
260 _c2006
300 _a61 pages;
300 _billustrations ;
300 _c22 cm.
999 _c306165
_d306165